BIBLIOTHÈQUE DE LA MAISON DU MEXIQUE

Logo 1 Logo 2

Historia de la novela mexicana en el siglo XIX (notice nᵒ 8128)

détails MARC
000 -Sello discográfico
campo de control de longitud fija 00889nam a2200277 4500
005 - Identificación de versión
campo de control 20251016084751.0
099 ## - fechas locales
Tipo de ítem Koha LIBRO
100 ## - Datos de procesamiento general
Datos de procesamiento general 20250319d1953 m y1spay5003 ba
105 ## - Campo de datos codificados: Material textual, monográfico
Datos codificados de monografía y 001zy
200 1# - Título y mención de responsabilidad
Título propio Historia de la novela mexicana en el siglo XIX
Designación general del material texto impreso
Primer mención de responsabilidad Relph E. Warner
210 ## - Publicación, distribución, etc.
Lugar de publicación, distribución, etc. México
Nombre del editor, distribuidor, etc. Antigua Librería Robredo
Fecha de publicación, distribución, etc. 1953
215 ## - Descripción física
Designación de material específico y extensión del ítem 130 p
Dimensiones 20 cm
300 ## - Notas generales
Texto de la nota Incluye índice onomástico
345 ## - Nota de información de adquisición
Fuente de adquisición/dirección de la suscripción [OBSOLETO] Donación
410 #1 - Series
Título Clásicos y modernos
Nombre de parte o sección Creación y crítica literaria
Número de volumen 9
606 ## - Término temático usado como materia
Elemento de entrada Novela mexicana
Subdivisión temática Historia y crítica
Número Koha 3801
660 ## - Código de área geográfica
Código MX
700 ## - Nombre personal - Responsabilidad primaria
Elemento de entrada Warner
Parte del nombre distinta del elemento de entrada Ralph Emerson
Fechas 1906-1957
Número Koha 13155
801 ## - Fuente de origen
País FR
Agencia cm
Reglas de catalogación (convenciones descriptivas) AFNOR
900 ## -
-- 1/23687
900 ## -
-- 7100417642\080104
942 ## - ELEMENTOS DE ENTRADA SECUNDARIOS (KOHA)
Tipo de ítem Koha Livre
996 ## -
-- MEX
-- 751145101
-- MMAG
-- 012750
-- 863.09 W284H
-- 20250319LIV
Exemplaires
Estatus retirado Estado de daño Estado de pérdida Fecha de adquisición Biblioteca de origen Biblioteca actual Ubicación en estantería Código de barras Precio de reemplazo Signatura topográfica completa No para préstamo Tipo de ítem Koha Nota pública Nota no pública
      05/08/2025 Casa México Paris Casa México Paris   012750 05/08/2025 863.09 W284H   Livre 20250319LIV 751145101